[Event "Baden-Baden-B"]
[Site "Baden-Baden"]
[Date "1992.??.??"]
[Round "10"]
[White "Tischbierek, Raj"]
[Black "Van der Wiel, John TH"]
[Result "1/2-1/2"]
[WhiteElo "2495"]
[BlackElo "2545"]

1.e4 c5 2.Nc3 Nc6 3.Nge2 d6 4.d4 cxd4 5.Nxd4 Nf6 6.Bg5 e6 7.Qd2 a6 8.O-O-O Bd7
9.f4 h6 10.Bh4 g5 11.fxg5 Ng4 12.Be2 Nge5 13.Kb1 Be7 14.Nf3 hxg5 15.Bg3 b5
16.Bd3 Rc8 17.Rdf1 Qa5 18.Be1 Nxd3 19.Qxd3 b4 20.Ne2 Ne5 21.Nxe5 dxe5 22.Qf3 Rf8
23.Nc1 Qc7 24.Rf2 Bb5 25.Rd2 a5 26.h4 a4 27.h5 f5 28.exf5 exf5 29.h6 g4 30.Qe3 Qc5
31.Qxc5 Rxc5 32.h7 Rh8 33.Rf2 f4 34.Bxb4 Rd5 35.Bc3 g3 36.Rxf4 Rxh7 37.Rf8+ Bxf8
38.Rxh7 Bc5 39.Rh5 Bf1 40.Nd3 Bd6 41.Rg5 Kd7 42.a3 Bxg2 43.Rxg3 Bf1 44.Re3 e4
45.Nf2 Bc5 46.Rxe4 Bxf2 47.Rxa4 Rd1+ 48.Ka2 Rc1 49.Kb3 Bh3 50.Bd2 Be6+ 51.Kc3 Rh1
52.b3 Rh4 53.Rxh4 Bxh4 54.a4 Kc6  1/2-1/2

[Event "Bagneux"]
[Site "Bagneux"]
[Date "1992.??.??"]
[Round "5"]
[White "Cosson, Jeoffray"]
[Black "Djurovic, Dejan"]
[Result "1/2-1/2"]
[WhiteElo "2305"]
[BlackElo "2300"]

1.e4 c5 2.Nf3 Nc6 3.Nc3 g6 4.d4 cxd4 5.Nxd4 Bg7 6.Be3 Nf6 7.Bc4 Qa5 8.O-O O-O
9.f3 Qc5 10.Bb3 Ng4  1/2-1/2

[Event "Balatonbereny op"]
[Site "Balatonbereny"]
[Date "1992.??.??"]
[Round "5"]
[White "Sirigos, Nikolaos"]
[Black "Berebora, Ferenc"]
[Result "1/2-1/2"]
[WhiteElo "2320"]
[BlackElo "2280"]

1.e4 c5 2.Nc3 Nc6 3.Nge2 d6 4.d4 cxd4 5.Nxd4 Nf6 6.Bc4 e6 7.Bb3 a6 8.O-O Na5
9.Qf3 b5 10.Bg5 Nxb3 11.axb3 Bb7 12.Rfe1 h6 13.Bd2 Be7 14.b4 d5 15.exd5 Nxd5
16.Qg3 Nf6 17.Be3 Qd6 18.f4 O-O 19.Nf5 exf5 20.Bc5 Qc6 21.Rxe7 Rfe8 22.Rae1 Rxe7
23.Rxe7 Re8 24.Rxe8+ Qxe8 25.Qe3 Qc6 26.Qe2  1/2-1/2

[Event "Balatonbereny op"]
[Site "Balatonbereny"]
[Date "1992.??.??"]
[Round "7"]
[White "Kovacs, Gabor M"]
[Black "Marti, Gyorgy"]
[Result "1/2-1/2"]
[WhiteElo "2320"]
[BlackElo "2385"]

1.e4 c5 2.Nc3 Nc6 3.Nf3 e6 4.Be2 d5 5.exd5 exd5 6.d4 Nf6 7.Bg5 cxd4 8.Nxd4 Be7
9.O-O O-O 10.Bf3 Ne5 11.Re1 Nxf3+ 12.Qxf3 h6 13.Bh4 g5 14.Bg3 Bg4 15.Qd3 Bb4
16.Be5 Nd7 17.a3 Nxe5 18.Rxe5 Bxc3 19.Qxc3 Qd6 20.Rae1 Rad8 21.h3 Bd7 22.Qe3 f6
23.Re7 Rf7 24.Rxf7 Kxf7 25.Qd3 Kg7 26.Re3 Rf8 27.Qe2 Rf7 28.c3 Kf8 29.Qd3 Kg7
30.Nc2 a5 31.Re1 Qb6 32.b4 axb4 33.axb4 Be6 34.Nd4 Bd7 35.Nb3 Qd6 36.Re2 b6
37.Rd2 Re7 38.Re2 Rxe2 39.Qxe2 Qe5 40.Nd4 Kf8 41.Qxe5 fxe5 42.Nf3 e4 43.Nd4 Ke7
44.Kf1 Kd6 45.Ke2 Ke5 46.Ke3 h5 47.f3 exf3 48.Nxf3+ Kf5 49.Nd4+ Ke5 50.Kf3 Bf5
51.Ke3 Be4 52.g3 h4 53.gxh4 gxh4 54.Nf3+ Bxf3 55.Kxf3 d4 56.cxd4+ Kxd4 57.Kg4 Kc4
58.Kxh4 Kxb4 59.Kg4 Ka3 60.h4 b5 61.h5 b4 62.h6 b3 63.h7 b2 64.h8=R b1=R  1/2-1/2

[Event "Balatonbereny op"]
[Site "Balatonbereny"]
[Date "1992.??.??"]
[Round "9"]
[White "Dobos, Jozsef"]
[Black "Gyorkos, Lajos"]
[Result "1/2-1/2"]
[WhiteElo "2355"]
[BlackElo "2410"]

1.e4 c5 2.Nc3 Nc6 3.Nf3 g6 4.Bc4 Bg7 5.O-O d6 6.d3 Nf6 7.h3 O-O 8.a4 Ne8
9.Ne2 Nc7 10.d4 cxd4 11.Nexd4 Nxd4 12.Nxd4 d5 13.exd5 Nxd5 14.c3 e6 15.Bb3 b6
16.Nc6 Qe8 17.Bxd5 exd5 18.Nd4 Be6 19.Bf4 Qd7 20.Qd2 Rfe8 21.Rfe1 Rac8 22.Be5 f6
23.Nxe6 fxe5 24.Nxg7 Kxg7 25.Rxe5 Rxe5 26.Qd4 Qf5 27.Re1 Re8 28.f4 Qxf4 29.Qxf4 Rxe1+
30.Kh2 R1e5 31.Qd4  1/2-1/2

[Event "BUL-chT (Women)"]
[Site "Bankia"]
[Date "1992.??.??"]
[Round "?"]
[White "Marinova, Elka"]
[Black "Velcheva, Maria"]
[Result "0-1"]
[WhiteElo "2075"]
[BlackElo "2160"]

1.e4 c5 2.Nc3 Nc6 3.Nge2 g6 4.d4 cxd4 5.Nxd4 Bg7 6.Be3 Nf6 7.Bc4 d6 8.f3 O-O
9.Qd2 Nd7 10.Nxc6 bxc6 11.Bh6 Ne5 12.Bb3 Bxh6 13.Qxh6 Be6 14.h4 Bxb3 15.axb3 f6
16.h5 g5 17.Ra6 Nf7 18.Qxf8+ Kxf8 19.Rxc6 Qa5  0-1

[Event "Bankia tt"]
[Site "Bankia"]
[Date "1992.??.??"]
[Round "3"]
[White "Antonov, Vladimir"]
[Black "Inkiov, Ventzislav"]
[Result "0-1"]
[WhiteElo "2395"]
[BlackElo "2450"]

1.e4 c5 2.Nc3 Nc6 3.Nge2 Nf6 4.d4 cxd4 5.Nxd4 d6 6.Be2 g6 7.Bg5 Bg7 8.Nb3 O-O
9.O-O Be6 10.Kh1 Na5 11.Nd5 Bxd5 12.exd5 Rc8 13.c4 Ne4 14.Bc1 Qb6 15.Qe1 Bd4
16.Kg1 e6 17.dxe6 fxe6 18.Bf3 d5 19.cxd5 exd5 20.Bxe4 dxe4 21.Qxe4 Rxf2 22.Rxf2 Bxf2+
23.Kh1 Qc6 24.Qf4 Bb6 25.Bd2 Rf8 26.Qg3 Qb5 27.Qe1 Re8 28.Qh4 Re2 29.Bc3 Rf2  0-1

[Event "Belgrade"]
[Site "Belgrade"]
[Date "1992.??.??"]
[Round "4"]
[White "Ioseliani, Nana"]
[Black "Arakhamia, Ketevan"]
[Result "1-0"]
[WhiteElo "2445"]
[BlackElo "2445"]

1.e4 c5 2.Nf3 Nc6 3.Nc3 Nf6 4.e5 Ng4 5.Qe2 d6 6.exd6 Qxd6 7.d4 cxd4 8.Nb5 Qd8
9.Bf4 e5 10.O-O-O Bc5 11.h3 O-O 12.hxg4 exf4 13.Qe4 h6 14.g5 Bg4 15.Bd3 Re8
16.Qh7+ Kf8 17.gxh6 Qf6 18.Nc7 Bxf3 19.gxf3 g6 20.Nd5 Qe5 21.Rhe1  1-0

[Event "St Stefan/Belgrade m"]
[Site "Belgrade"]
[Date "1992.??.??"]
[Round "25"]
[White "Fischer, Robert James"]
[Black "Spassky, Boris V"]
[Result "1-0"]
[WhiteElo "2785"]
[BlackElo "2560"]

1.e4 c5 2.Nc3 Nc6 3.Nge2 d6 4.d4 cxd4 5.Nxd4 e6 6.Be3 Nf6 7.Qd2 Be7 8.f3 a6
9.O-O-O O-O 10.g4 Nxd4 11.Bxd4 b5 12.g5 Nd7 13.h4 b4 14.Na4 Bb7 15.Nb6 Rb8
16.Nxd7 Qxd7 17.Kb1 Qc7 18.Bd3 Bc8 19.h5 e5 20.Be3 Be6 21.Rdg1 a5 22.g6 Bf6
23.gxh7+ Kh8 24.Bg5 Qe7 25.Rg3 Bxg5 26.Rxg5 Qf6 27.Rhg1 Qxf3 28.Rxg7 Qf6
29.h6 a4 30.b3 axb3 31.axb3 Rfd8 32.Qg2 Rf8 33.Rg8+ Kxh7 34.Rg7+ Kh8 35.h7  1-0

[Event "Berliner Sommer"]
[Site "Berlin"]
[Date "1992.??.??"]
[Round "?"]
[White "Hennings, Artur"]
[Black "Maniocha, Andrzej"]
[Result "0-1"]
[WhiteElo "2385"]
[BlackElo "2245"]

1.e4 c5 2.Nc3 Nc6 3.Bb5 d6 4.Nge2 Bd7 5.O-O e6 6.d3 Nf6 7.Be3 Be7 8.h3 O-O
9.f4 a6 10.Bxc6 Bxc6 11.Qe1 b5 12.Qg3 b4 13.Nd1 Nd7 14.f5 e5 15.Bh6 Bf6 16.c4 bxc3
17.Nexc3 Kh8 18.Be3 Nb6 19.b3 a5 20.Nb2 Qe7 21.Nc4 Rfb8 22.Qf2 Ra6 23.Rab1 Qd8
24.Kh2 h6 25.Qf3 Rb7 26.Rfd1 Kh7 27.Bf2 a4 28.bxa4 Nxa4 29.Nxa4 Rxa4 30.Rxb7 Bxb7
31.Rb1 Bc6 32.a3 d5 33.exd5 Bxd5 34.Qe2 Bxc4 35.dxc4 Qc8 36.Qe4 Rxa3 37.Rb5 Ra1
38.Rxc5 Qd7 39.Rd5 Qa4 40.Bh4 Qa7 41.Bxf6 Qg1+ 42.Kg3 gxf6 43.Rd7 Ra3+ 44.Kg4 h5+
45.Kxh5 Rxh3+ 46.Kg4 Qh1 47.Rd1 Rh4+ 48.Kg3 Qh2+  0-1

[Event "Berliner Sommer"]
[Site "Berlin"]
[Date "1992.??.??"]
[Round "?"]
[White "Sorensen, Jan"]
[Black "Muse, Drazen"]
[Result "1-0"]
[WhiteElo "2400"]
[BlackElo "2300"]

1.e4 c5 2.Nf3 Nc6 3.Nc3 g6 4.d4 cxd4 5.Nxd4 Bg7 6.Nb3 Nf6 7.Be2 O-O 8.O-O d6
9.Kh1 Be6 10.f4 Na5 11.f5 Bc4 12.Bd3 d5 13.Nxa5 Qxa5 14.e5 Ne4 15.Nxe4 Bxd3
16.cxd3 dxe4 17.f6 Bh8 18.fxe7 Rfe8 19.Qb3 Rxe7 20.Bg5 Qxe5 21.Bxe7 Qxe7
22.Rae1 Rf8 23.Rxe4 Qd7 24.Qa3 Bd4 25.Re7 Qb5 26.Qb3 Qxb3 27.axb3 b5 28.Rd7 Bb6
29.g3 Kg7 30.d4 b4 31.Kg2 h5 32.h4 Kg8 33.Rf3 Rc8 34.Rfxf7 Bxd4 35.Rf4 Bb6
36.Rxb4 Rc2+ 37.Kf1 Rxb2 38.Rc4 Rf2+ 39.Ke1 Rf8 40.Rc6 Re8+ 41.Kd1 g5 42.Rg6+ Kf8
43.Rf6+ Kg8 44.Rg6+ Kf8 45.Rxg5  1-0

[Event "Berliner Sommer"]
[Site "Berlin"]
[Date "1992.??.??"]
[Round "?"]
[White "Tischbierek, Raj"]
[Black "Sherbakov, Vitaly S"]
[Result "0-1"]
[WhiteElo "2495"]
[BlackElo "2350"]

1.e4 c5 2.Nc3 Nc6 3.Nge2 d6 4.d4 cxd4 5.Nxd4 e5 6.Nf3 h6 7.Bc4 Nf6 8.O-O Be7
9.Nh4 g6 10.Be3 Na5 11.Bd5 O-O 12.Nf5 Bxf5 13.exf5 Rc8 14.a4 Nc4 15.Bxb7 Rb8
16.Ba6 Nxe3 17.fxe3 Rxb2 18.Qd3 d5 19.Rfb1 Rb4 20.Rxb4 Bxb4 21.Nd1 Qd6 22.c3 e4
23.Qf1 Ba5 24.Be2 Rc8 25.g3 Qc5 26.Qe1 h5 27.Kg2 Qd6 28.Qf2 Qb6 29.Qf4 Qb3
30.Kf1 Bxc3 31.Rc1 Kh7 32.Qh4 Qa3 33.Rc2 Rc5 34.g4 d4 35.exd4 Bxd4 36.Rxc5 Qxc5
37.g5 Qxf5+ 38.Kg2 Nd5 39.Qxh5+ Kg8 40.Qg4 Nf4+ 41.Kh1 Qxg4 42.Bxg4 e3  0-1

[Event "Bled op"]
[Site "Bled"]
[Date "1992.??.??"]
[Round "3"]
[White "Zelcic, Robert"]
[Black "Sorokin, Maxim"]
[Result "1/2-1/2"]
[WhiteElo "2380"]
[BlackElo "2570"]

1.e4 c5 2.Nf3 Nc6 3.Nc3 d6 4.d4 cxd4 5.Nxd4 Nf6 6.Be2 e5 7.Nf3 h6 8.O-O Be7
9.Re1 O-O 10.Bf1 Bg4 11.h3 Bh5 12.Be2 Bg6 13.Bc4 Rc8 14.Nh2 Nd4 15.Bd3 Bh5
16.Ng4 Kh8 17.Re3 Rc5 18.Rg3 d5 19.Qd2 Bxg4 20.hxg4 dxe4 21.g5 exd3 22.gxf6 Bxf6
23.Qxd3 Bh4 24.Rh3 f5 25.Be3 Bf6 26.Rd1 Qc8 27.Rd2 Rd8 28.Qf1 Rc6 29.Qd1 Rcd6
30.Bxh6 gxh6 31.Rxh6+ Kg8 32.Nb5 Re6 33.c3 Nxb5 34.Rg6+ Kf7 35.Qh5 Rh8 36.Rh6+ Ke7
37.Rh7+ Rxh7 38.Qxh7+ Kf8 39.Rd7 Nd6 40.Rc7 Qb8 41.c4 Qe8  1/2-1/2

[Event "Bogota Lat Cup"]
[Site "Bogota"]
[Date "1992.??.??"]
[Round "7"]
[White "Van Riemsdijk, Herman C"]
[Black "Hernandez, Gilberto"]
[Result "1-0"]
[WhiteElo "2425"]
[BlackElo "2480"]

1.e4 c5 2.Nf3 Nc6 3.Nc3 d6 4.d4 cxd4 5.Nxd4 Nf6 6.Bg5 e6 7.Qd2 Be7 8.O-O-O O-O
9.Nb3 a6 10.f4 b5 11.Bxf6 gxf6 12.Qe2 Kh8 13.Qh5 Qe8 14.Bd3 Rg8 15.Nd5 exd5
16.exd5 Rg7 17.dxc6 Qxc6 18.Qe2 Qc7 19.Nd4 Bg4 20.Nf3 d5 21.g3 Bc5 22.Kb1 b4
23.h3 Bd7 24.Nh4 Rxg3 25.Qh5 Rg7 26.Qxd5 Rag8 27.Nf5 Be6 28.Qe4 Rg6 29.Nd4 Bc8
30.Rhe1 Qb6 31.Qd5 R6g7 32.Nf5 Be6 33.Qf3 Rg6 34.Ne3 R6g7 35.Ng4 Bd4 36.Nh6 Rd8
37.f5 Bd5 38.Qxd5  1-0

[Event "Spring op"]
[Site "Budapest"]
[Date "1992.??.??"]
[Round "?"]
[White "Eismont, Oleg"]
[Black "Stoinov, Jordan"]
[Result "1-0"]
[WhiteElo "2410"]
[BlackElo "2345"]

1.e4 c5 2.Nc3 Nc6 3.Nf3 g6 4.d4 cxd4 5.Nxd4 Bg7 6.Be3 Nf6 7.Bc4 O-O 8.O-O d6
9.h3 Bd7 10.Bb3 Nxd4 11.Bxd4 Bc6 12.Qd3 a5 13.a4 Nd7 14.Bxg7 Kxg7 15.Qd4+ f6
16.Rfe1 Qb6 17.Qxb6 Nxb6 18.Nd5 Bxd5 19.exd5 Rfe8 20.Rad1 Nd7 21.Bc4 Ne5
22.Bb5 Rec8 23.f4 Nf7 24.Rxe7 Rxc2 25.Be8  1-0

[Event "Spring op"]
[Site "Budapest"]
[Date "1992.??.??"]
[Round "?"]
[White "Malisauskas, Vidmantas"]
[Black "Votava, Jan"]
[Result "1-0"]
[WhiteElo "2490"]
[BlackElo "2385"]

1.e4 c5 2.Nc3 Nc6 3.Nge2 e5 4.Nd5 b5 5.a4 b4 6.Ng3 Nf6 7.Bc4 Na5 8.Nxf6+ Qxf6
9.Bd5 Bb7 10.Bxb7 Nxb7 11.O-O g6 12.c3 h5 13.Ne2 c4 14.d3 Qe6 15.Be3 b3 16.a5 cxd3
17.Nc1 Nd6 18.Nxb3 Nc4 19.Bc1 Rb8 20.Nd2 Nxb2 21.Qf3 Bh6 22.Rb1 Qa2 23.Bxb2 Rxb2
24.Rxb2 Qxb2 25.Nc4 Qxc3 26.Nd6+ Ke7 27.Qxf7+ Kxd6 28.Qf6+ Kc7 29.Qxh8 d2
30.Qg8 Qd4 31.Qd5 Qxd5 32.exd5 Kd6 33.Rb1 e4 34.Kf1 Bg7 35.Ke2 Bd4 36.Rf1 Bc3
37.f3 exf3+ 38.Rxf3 Bxa5 39.Rf6+ Kxd5 40.Rxg6 Bd8 41.Ra6 Bc7 42.h3 h4 43.Rxa7 Kc6
44.Kxd2 Bg3 45.Ke2 d6 46.Rg7 Kd5 47.Rxg3 hxg3 48.Kf3 Kc4 49.h4  1-0

[Event "Multicoop op"]
[Site "Budapest"]
[Date "1992.??.??"]
[Round "4"]
[White "Purtov, Andrei"]
[Black "Stisis, Yaacov"]
[Result "0-1"]
[WhiteElo "2435"]
[BlackElo "2275"]

1.e4 c5 2.Nc3 Nc6 3.Nf3 g6 4.d4 cxd4 5.Nxd4 Bg7 6.Nb3 Nf6 7.Be2 O-O 8.O-O d6
9.Kh1 a5 10.a4 Be6 11.f4 Nd7 12.Nd5 f5 13.exf5 Bxf5 14.c3 Kh8 15.Bf3 e5 16.Be3 exf4
17.Bxf4 Nde5 18.Be2 Be4 19.Kg1 Rf5 20.Ne3 Qb6 21.Nd4 Rf7 22.Kh1 d5 23.Bxe5 Rxf1+
24.Nxf1 Nxe5 25.Bb5 h5 26.Ng3 Ng4 27.Qd2 Rf8 28.Rf1 Rxf1+ 29.Nxf1 Qf6 30.Qe2 Qf2
31.Nf3 Qxe2 32.Bxe2 Bd3 33.Ng3 Bxe2 34.Nxe2 Nf2+ 35.Kg1 Nd1 36.Nf4 Nxb2 37.Nxg6+ Kh7
38.Ne7 Bxc3 39.Nxd5 Nxa4 40.Ng5+ Kg6 41.Ne4 Be5 42.Kf2 Nc5 43.Nxc5 Bd4+ 44.Ke2 Bxc5
45.Kd3 Kf5 46.g3 b5 47.h3 a4 48.Kc3 Bd6 49.g4+ hxg4 50.hxg4+ Kxg4 51.Kc2 Be5
52.Nb4 Kf5 53.Kd3 Ke6 54.Ke2 Kd6 55.Nd3 Kd5 56.Nc1 Kc4  0-1

[Event "Elekes mem"]
[Site "Budapest"]
[Date "1992.??.??"]
[Round "11"]
[White "Sievers, Stefan"]
[Black "Feher, Gyula"]
[Result "1/2-1/2"]
[WhiteElo "2365"]
[BlackElo "2405"]

1.e4 c5 2.Ne2 Nc6 3.Nbc3 g6 4.d4 cxd4 5.Nxd4 Bg7 6.Be3 Nf6 7.Bc4 O-O 8.Bb3 a5
9.f3 d5 10.exd5 Nb4 11.Nde2 a4 12.Nxa4 Nfxd5 13.Bd4 Bh6 14.c3 Nc6 15.Bxd5 Qxd5
16.Nb6 Qa5 17.Nxa8 Rd8 18.O-O e5 19.Bb6 Be3+ 20.Bxe3 Rxd1 21.Rfxd1 Qxa8 22.c4 Be6
23.b3 Kg7 24.Rd2 h6 25.f4 Qa5 26.Re1 Kh7 27.fxe5 Qxe5 28.Nd4 Nxd4 29.Rxd4 g5
30.b4 Qf5 31.Rc1 Qe5 32.Rc3 Qf5 33.Rd1 Qe4 34.Rdc1 Kg6 35.a4 h5 36.Bb6 h4
37.h3 Qe2 38.b5 Bf5 39.a5 Be4 40.Bf2 f5 41.Re1 Qb2 42.Rce3 Qa2 43.a6 bxa6
44.bxa6 Qxa6 45.Rxe4 fxe4 46.Rxe4 Kf5 47.Rg4 Qa1+ 48.Kh2 Qe5+ 49.Kh1 Qa1+
50.Bg1 Qe1 51.c5 Qa1 52.Rb4 Qe1 53.Rb5 Qe2 54.Ra5 g4 55.hxg4+ Kxg4 56.Ra8 Qc4
57.Rd8 Qc1 58.Rc8 Qg5 59.Rh8 Qg6 60.Bf2 Qf6 61.Rxh4+ Kg5 62.Bg3 Qc3 63.Bf2 Qc1+
64.Kh2 Qc2 65.Kg1  1/2-1/2

[Event "Buenos Aires"]
[Site "Buenos Aires"]
[Date "1992.??.??"]
[Round "?"]
[White "Morovic Fernandez, Ivan"]
[Black "Brunner, Lucas"]
[Result "1/2-1/2"]
[WhiteElo "2565"]
[BlackElo "2500"]

1.e4 c5 2.Nc3 Nc6 3.Nge2 g6 4.d4 cxd4 5.Nxd4 Bg7 6.Be3 Nf6 7.Bc4 O-O 8.Bb3 d6
9.h3 Na5 10.O-O b6 11.Re1 Bb7 12.Bg5 Nxb3 13.axb3 h6 14.Bh4 a6 15.Nd5 e6
16.Bxf6 Bxf6 17.Nxf6+ Qxf6 18.c3 Rad8 19.Nc2 Rd7 20.Nd4 a5 21.Nc2 Qg5 22.f3 Qc5+
23.Kh1 h5 24.Ra4 Rfd8 25.Qd2 Qc7 26.Raa1 b5 27.Rad1 Qb6 28.Re3 e5 29.Rd3 d5
30.Qg5 Qe6 31.exd5 Bxd5 32.Ne3 Bxb3 33.Qxd8+ Rxd8 34.Rxd8+ Kg7 35.Re1 e4
36.fxe4 Qxe4 37.Rd4 Qe5 38.Rd2 a4 39.Rf2 Kh7 40.Nc2 Qg3 41.Ree2 Bc4 42.Rd2 Qe5
43.Rd1 Bb3 44.Rc1 Qg3 45.Re2 Bc4 46.Rd2 Qe5  1/2-1/2

[Event "Wch U20"]
[Site "Buenos Aires"]
[Date "1992.??.??"]
[Round "?"]
[White "Playa, Marcelo"]
[Black "Cueto, Johny"]
[Result "1-0"]
[WhiteElo "2380"]
[BlackElo "2170"]

1.e4 c5 2.Ne2 Nc6 3.Nbc3 g6 4.d4 cxd4 5.Nxd4 Bg7 6.Be3 Nf6 7.Bc4 O-O 8.O-O d6
9.h3 Bd7 10.Bb3 Qc8 11.f4 Na5 12.Qe2 a6 13.e5 dxe5 14.fxe5 Nh5 15.Nd5 Qd8
16.Bg5 Nxb3 17.Nxe7+ Kh8 18.Nxg6+ hxg6 19.Bxd8 Nxd4 20.Qf2 Bxe5 21.Rae1 Bg7
22.Be7 Bb5 23.Bxf8 Rxf8 24.g4 Bxf1 25.Kxf1 Nxc2 26.gxh5 Nxe1 27.Qxe1 Bxb2
28.Qb4 Bg7 29.Qxb7 a5 30.h6 Bxh6 31.Qa7 f5 32.a4 Rd8 33.Qxa5 Rd3 34.Qa8+ Kh7
35.Qb7+ Bg7 36.a5 Kh6 37.a6 Bd4 38.Qb4 f4 39.Qf8+ Kg5 40.Qd8+ Kh5 41.h4  1-0

[Event "Wch U20"]
[Site "Buenos Aires"]
[Date "1992.??.??"]
[Round "?"]
[White "Rodriguez, Antonio"]
[Black "Munoz Pantoja, Miguel"]
[Result "1/2-1/2"]
[WhiteElo "2350"]
[BlackElo "2295"]

1.e4 c5 2.Nc3 Nc6 3.Nge2 g6 4.d4 cxd4 5.Nxd4 Bg7 6.Nde2 Nf6 7.g3 O-O 8.Bg2 d6
9.O-O Bd7 10.h3 Qc8 11.Kh2 Ne8 12.a4 f5 13.exf5 Bxf5 14.Nd5 Nc7 15.Nef4 Nxd5
16.Nxd5 Qd7 17.c3 Rad8 18.Be3 Be6 19.a5 Bxd5 20.Qxd5+ e6 21.Qb3 d5 22.Rfd1 Qc7
23.Qa4 Rd7 24.h4 Rdf7 25.f4 Ne7 26.Bh3 Nf5 27.Bxf5 Rxf5 28.Qb5 d4 29.Qb3 dxe3
30.Qxe6+ Qf7 31.Qxe3 Bh6 32.Rd4 Bg7 33.Rd2 h6 34.Rad1 g5 35.Rd7 gxf4 36.gxf4 Qf6
37.Qe7 Rxf4 38.Qxf6 R8xf6 39.Rxb7 Rg6 40.Rd8+ Kh7 41.Rd4 Rf2+ 42.Kh1 a6 43.b4 h5
44.Rd5 Kh6 45.Rg5 Bxc3 46.b5 axb5 47.Rbxb5 Rxg5 48.Rxg5 Ra2 49.Rc5 Bxa5 50.Rc6+ Kg7
51.Ra6 Ra4 52.Kg2 Rg4+ 53.Kf3 Bd8 54.Ra7+ Kg6 55.Ra8 Bf6 56.Rg8+ Bg7 57.Rb8 Kf5
58.Rb7 Bf6 59.Rf7 Kg6 60.Rf8 Kg7 61.Re8 Rxh4 62.Re2 Kg6 63.Kg3 Ra4 64.Re3 h4+
65.Kh3 Kh5 66.Rf3 Bg5 67.Rd3 Ra5 68.Rb3 Bf4 69.Rf3 Kg5 70.Rb3 Re5 71.Rd3 Re2
72.Rg3+ Kh5 73.Rg5+ Kh6 74.Rg2 Re8 75.Kxh4 Re3 76.Kg4 Bg5 77.Rc2 Kg6 78.Rb2 Re1
79.Rb5 Bf6 80.Kf4 Rh1 81.Ra5 Rh4+ 82.Kf3 Rb4 83.Rc5 Kf7 84.Rc6 Ke7 85.Ke3 Be5
86.Kd3 Bd6 87.Rc4 Rb5 88.Re4+ Be5 89.Rh4 Ke6 90.Kc4 Rb8 91.Rh6+ Bf6 92.Rh5 Rg8
93.Rb5 Rg4+ 94.Kd3 Rd4+ 95.Ke3 Be5 96.Rb1 Rh4 97.Kd3 Rd4+ 98.Ke3 Ra4 99.Kd3 Bd6
100.Rb5 Ra6 101.Kd4 Ra4+ 102.Kd3 Kd7 103.Rb1 Kc6 104.Ke3 Kd5 105.Kf3 Ra3+
106.Kg4 Rg3+ 107.Kf5 Rf3+ 108.Kg4 Rf2 109.Rd1+ Ke6 110.Ra1 Rg2+ 111.Kf3 Rg3+
112.Ke4 Rg4+ 113.Kf3 Rd4 114.Ra5 Be5 115.Ke3 Kf5 116.Ra2 Rf4 117.Kd3 Rb4
118.Rf2+ Ke6 119.Ra2 Bd4 120.Ra5 Kd6 121.Ra8  1/2-1/2

[Event "Wch U20"]
[Site "Buenos Aires"]
[Date "1992.??.??"]
[Round "?"]
[White "Egger, Jorge"]
[Black "Fish, Gannadij"]
[Result "1/2-1/2"]
[WhiteElo "2460"]
[BlackElo "2440"]

1.e4 c5 2.Nc3 Nc6 3.Nge2 d6 4.d4 cxd4 5.Nxd4 Nf6 6.Bg5 e6 7.Qd2 Be7 8.O-O-O O-O
9.f4 Nxd4 10.Qxd4 Qa5 11.Bc4 Rd8 12.e5 dxe5 13.Qxe5 Qb4 14.Bb3 Bd7 15.Rd4 Qb6
16.f5 h6 17.fxe6 Bxe6 18.Rxd8+ Bxd8 19.Bxe6 Qxe6 20.Qxe6 fxe6 21.Bf4 a6 22.Re1 Kf7
23.Ne4 Nxe4 24.Rxe4 Rc8 25.Kd2 Bf6 26.Be5 Bxe5 27.Rxe5 Kf6 28.Re4 e5  1/2-1/2

[Event "FMDA tt"]
[Site "Buenos Aires"]
[Date "1992.??.??"]
[Round "3"]
[White "Hase, Juan C"]
[Black "Juarez, Alberto"]
[Result "0-1"]
[WhiteElo "2335"]
[BlackElo "2265"]

1.e4 c5 2.Nf3 Nc6 3.Nc3 Nf6 4.Bb5 e5 5.Bxc6 dxc6 6.d3 Qc7 7.h3 Bd6 8.O-O Bd7
9.Be3 O-O-O 10.a3 b6 11.Qe2 h6 12.Nd2 Be6 13.Rfb1 g5 14.b4 cxb4 15.axb4 Qb7
16.Na4 Bb8 17.Nb3 Bxb3 18.Rxb3 Rhg8 19.Qf3 Qe7 20.Bxb6 axb6 21.Nxb6+ Kb7
22.Qe3 Qc7 23.Na8 Qd6 24.Qb6+ Kc8 25.Rc3 Kd7 26.Qb7+ Ke8 27.Rxc6 Qe7 28.Qb5 Kf8
29.Raa6 Ne8 30.Rab6 Bd6 31.Rb7 Qe6 32.Nb6 g4 33.hxg4 Qxg4 34.g3 h5 35.Nc4 Qd1+
36.Kg2 h4 37.Nxd6 h3+ 38.Kh2 Rxd6 39.Qxe5 Qf3 40.Qe7+ Kg7 41.Qe5+ Rf6 42.Qg5+ Kf8
43.Rxf7+ Kxf7 44.Qd5+ Kg7  0-1

[Event "Buenos Aires Najdorf qual"]
[Site "Buenos Aires"]
[Date "1992.??.??"]
[Round "10"]
[White "Giaccio, Alfredo"]
[Black "Fraschini, Mariano"]
[Result "1/2-1/2"]
[WhiteElo "2370"]
[BlackElo "2330"]

1.e4 c5 2.Nf3 Nc6 3.Nc3 d6 4.d4 cxd4 5.Nxd4 Nf6 6.Bc4 e6 7.O-O Be7 8.Be3 O-O
9.Bb3 a6 10.f4 Nxd4 11.Bxd4 b5 12.e5 dxe5 13.fxe5 Nd7 14.Qg4 Nc5 15.Rad1 Qc7
16.Ne4 Nxe4 17.Qxe4 Bb7 18.Qg4 Bc5 19.Kh1 Bxd4 20.Qxd4 Rad8 21.Qf4 Rxd1 22.Rxd1 Rd8
23.c3 Rxd1+ 24.Bxd1 Qd8 25.Bf3 Qd3 26.h3 Bxf3 27.Qxf3 Qb1+ 28.Kh2 h6 29.Qa8+ Kh7
30.Qxa6 Qxb2 31.Qb7 Qe2 32.Qxf7 Qxe5+ 33.Kh1 Qd5 34.a3 Qb3 35.Qd7 Qd1+ 36.Kh2 e5
37.Qe6 e4 38.Qf5+ Kg8 39.Qe6+ Kh7 40.Qf5+ Kg8 41.Qe6+ Kh7  1/2-1/2

[Event "BUL-ch"]
[Site "BUL"]
[Date "1992.??.??"]
[Round "12"]
[White "Ermenkov, Evgenij"]
[Black "Popchev, Milko"]
[Result "1/2-1/2"]
[WhiteElo "2505"]
[BlackElo "2465"]

1.e4 c5 2.Nc3 Nc6 3.Nge2 Nf6 4.d4 cxd4 5.Nxd4 e5 6.Ndb5 d6 7.Nd5 Nxd5 8.exd5 Nb8
9.c4 Be7 10.Be2 O-O 11.O-O Nd7 12.Be3 a6 13.Nc3 f5 14.f3 Bg5 15.Qc1 Bxe3+
16.Qxe3 a5 17.Kh1 Nc5 18.f4 exf4 19.Qxf4 g5 20.Qd4 Bd7 21.Rae1 Qf6 22.Qxf6 Rxf6
23.Bh5 Raf8 24.Re7 Rh6 25.Bd1 Rh4 26.b3 Rf7 27.Re2 Ne4 28.Nxe4 Rxe4 29.Rxe4 fxe4
30.Kg1 Rxf1+ 31.Kxf1 Kg7 32.Bc2 Bf5 33.Ke2 Kf6 34.Ke3 Ke5 35.g3 b6 36.a3 h6
37.b4 axb4 38.axb4 Bh7 39.g4 Bg6 40.h3 Bh7 41.Ba4 Bg6 42.Bd7 h5 43.Ba4 hxg4
44.hxg4 Bf7 45.Bc6 Bg6 46.Bd7 Bf7 47.Bf5 Be8 48.Bxe4 Bd7 49.Bf3 Bc8 50.Be2 Bd7
51.Bd1 Bc8  1/2-1/2

[Event "Calcutta"]
[Site "Calcutta"]
[Date "1992.??.??"]
[Round "1"]
[White "Gupta, Radhey S"]
[Black "Sahu, Sekhar Chandra"]
[Result "0-1"]
[WhiteElo "2255"]
[BlackElo "2425"]

1.e4 c5 2.Nf3 Nc6 3.Nc3 Nf6 4.d4 cxd4 5.Nxd4 d6 6.Bg5 e6 7.Qd2 Be7 8.O-O-O O-O
9.f3 d5 10.exd5 Nxd5 11.Bxe7 Ncxe7 12.Nxd5 Qxd5 13.Nb3 Qc6 14.Bd3 Qc7 15.Rhe1 Nd5
16.Kb1 a5 17.Nd4 Bd7 18.Re4 Nb4 19.Rh4 f5 20.Qe2 Nxd3 21.Qxd3 Rad8 22.Re1 e5
23.Nb5 Qc5 24.Nc3 Qf2 25.Qc4+ Kh8 26.Rc1 b5 27.Rf1 Qxg2 28.Qe2 Qxe2 29.Nxe2 b4
30.Nc1 Bc6 31.Nb3 g5 32.Rh6 Bd5 33.Nxa5 Bxf3 34.Nc4 Be2  0-1

[Event "Calcutta"]
[Site "Calcutta"]
[Date "1992.??.??"]
[Round "3"]
[White "Rahman, Ziaur"]
[Black "Santhosh, Kausik"]
[Result "1-0"]
[WhiteElo "2360"]
[BlackElo "2225"]

1.e4 c5 2.Nc3 Nc6 3.Nge2 e5 4.Nd5 Nf6 5.Nec3 Nxd5 6.Nxd5 Ne7 7.Bc4 d6 8.O-O Be6
9.f4 a6 10.fxe5 dxe5 11.Qh5 Ng6 12.d3 Qd6 13.Bg5 b5 14.Bb3 a5 15.a4 c4 16.Ba2 f6
17.Bd2 cxd3 18.cxd3 b4 19.Rac1 Ra7 20.Be3 Rb7 21.Bc4 Be7 22.Bb5+ Bd7 23.Nxe7  1-0

[Event "Calcutta"]
[Site "Calcutta"]
[Date "1992.??.??"]
[Round "7"]
[White "Rahman, Ziaur"]
[Black "Khasin, Alexander"]
[Result "0-1"]
[WhiteElo "2360"]
[BlackElo "2455"]

1.e4 c5 2.Nc3 Nc6 3.Nge2 d6 4.Ng3 Nf6 5.Be2 e6 6.O-O Be7 7.f4 Nd4 8.d3 d5
9.e5 Nd7 10.Bg4 g6 11.Bh3 Nb8 12.Nce2 Nbc6 13.c3 Nf5 14.Bg4 Nh4 15.d4 h5
16.Bf3 c4 17.b3 b5 18.bxc4 bxc4 19.Qa4 Bd7 20.Qc2 Rb8 21.Be3 Qb6 22.Kf2 Qb2
23.Qxb2 Rxb2 24.Rfb1 Rxb1 25.Rxb1 Kd8 26.Nf1 Nxf3 27.Kxf3 Kc7 28.g3 Nb8 29.h3 Ba4
30.Nd2 Bc2 31.Rg1 Nd7 32.Kf2 Bf5 33.g4 hxg4 34.hxg4 Rh2+ 35.Ke1 Bd3 36.Ng3 Ba3
37.Ngf1 Re2+ 38.Kd1 Nb6 39.Nb1 Na4 40.Bd2 Bb2 41.Rh1 Rf2 42.Ke1 Rf3 43.Nh2  0-1

[Event "Calimanesti (Women)"]
[Site "Calimanesti"]
[Date "1992.??.??"]
[Round "?"]
[White "Marin Ionescu, Luiza"]
[Black "Peptan, Corina"]
[Result "1/2-1/2"]
[WhiteElo "2165"]
[BlackElo "2115"]

1.e4 c5 2.Nf3 Nc6 3.Nc3 g6 4.d4 cxd4 5.Nxd4 Nf6 6.Nxc6 bxc6 7.e5 Ng8 8.Bc4 Bg7
9.Qf3 e6 10.Bf4 Ne7 11.O-O O-O 12.Ne4 f6 13.exf6 Bxf6 14.Rad1 d5 15.Nxf6+ Rxf6
16.Qe3 Qb6 17.Be2 Qxe3 18.Bxe3 e5 19.Bc5 Nf5 20.b4 Bb7 21.c4 Nd6 22.Bxd6 Rxd6
23.c5 Rf6 24.a4 a6 25.Rd2 Rf4 26.Rb1 Raf8 27.f3 Rc8 28.g3 Rf6 29.Rb3 Kf7
30.Bf1 Kg7 31.Re3 Re8 32.Bh3 Rf7 33.Bf1 Kf6 34.Rb2 Rc7 35.Bd3 Rd8 36.Bb1 Bc8
37.Bd3 Bb7 38.Bf1 Re8 39.Rd2 Ree7 40.Bd3 Rc8 41.Bc2 Rb8 42.Bd3  1/2-1/2

[Event "Caciulata"]
[Site "Calimanesti"]
[Date "1992.??.??"]
[Round "?"]
[White "Moldovan, Daniel"]
[Black "Lanka, Zigurds"]
[Result "0-1"]
[WhiteElo "2450"]
[BlackElo "2490"]

1.e4 c5 2.Nc3 Nc6 3.Bb5 Nd4 4.Bc4 e6 5.Nf3 a6 6.Nxd4 cxd4 7.Ne2 Qh4 8.d3 Bc5
9.Bf4 Ne7 10.O-O Nc6 11.Qd2 Qe7 12.a3 O-O 13.Bg3 Kh8 14.Rae1 b5 15.Ba2 Bb7
16.Kh1 a5 17.f4 f5 18.exf5 Rxf5 19.Ng1 Qf6 20.Nf3 Rf8 21.Qe2 Qh6 22.Nh4 R5f6
23.Qg4 g5 24.Nf3 gxf4 25.Bh4 Rf5 26.Ng5 Qg7 27.Bxe6 dxe6 28.Rxe6 Be7  0-1